Smaltovaný riad z Hronca : Výber zo zbierok Horehronského múzea v Brezne /

Na minha lista:
Detalhes bibliográficos
Autor principal: Švajdová, Eva (Author)
Formato: Livro
Idioma:eslovaco
Publicado em: Banská Bystrica : Štúdio Harmony, s.r.o., 2008
Edição:1. vydanie
Assuntos:
Tags: Adicionar Tag
Sem tags, seja o primeiro a adicionar uma tag!

MARC

LEADER 00000nam a22000003a 4500
001 0065608
003 SK-STU
005 20190401091816.8
007 ta
008 180615s ----xo-----e------000-0-----d
020 |a 978-80-89151-21-9 
040 |a STU  |b slo 
041 0 |a slo 
044 |a xo 
100 1 |a Švajdová, Eva  |4 aut 
245 1 0 |a Smaltovaný riad z Hronca :  |b Výber zo zbierok Horehronského múzea v Brezne /  |c aut. Eva Švajdová 
250 |a 1. vydanie 
260 |a Banská Bystrica :  |b Štúdio Harmony, s.r.o.,  |c 2008 
300 |a 96 s. 
650 0 7 |a smaltovaný kuchynský riad 
650 0 7 |a výstava 
650 0 7 |a muzeálna expozícia 
650 0 7 |a umelecké predmety 
996 |b 284AU07560  |c A* 10808/U  |l AA5150  |s P  |a 0  |w 0065608_0001